Stratégia Europe 2020 cez optiku sociálnej inklúzie a trvalo udržateľného rozvoja

Kontinuita medzi stratégiami Európskej únie a to konkrétne Stratégiou trvalo udržateľného rozvoja a Europe 2020, so zameraním na oblasť sociálnej inklúzie. V článku, pomocou jednoduchých charakteristík časových radov, odvodených mier variability vývoja a novovytvorených mier želateľnej variability j...

Ausführliche Beschreibung

Gespeichert in:
Bibliographische Detailangaben
1. Verfasser: Gavuliak, Roman
Format: Buchkapitel
Sprache:Slowakisch
Schlagworte:
Tags: Tag hinzufügen
Keine Tags, Fügen Sie das erste Tag hinzu!

MARC

LEADER 00000nla$a2200000$$$4500
001 0146821
005 20240502083339.1
041 0 |a slo 
044 |a CZ 
245 1 0 |a Stratégia Europe 2020 cez optiku sociálnej inklúzie a trvalo udržateľného rozvoja  |c Roman Gavuliak 
520 |a Kontinuita medzi stratégiami Európskej únie a to konkrétne Stratégiou trvalo udržateľného rozvoja a Europe 2020, so zameraním na oblasť sociálnej inklúzie. V článku, pomocou jednoduchých charakteristík časových radov, odvodených mier variability vývoja a novovytvorených mier želateľnej variability je popísaný doterajší vývoj predmetnej oblasti pre Slovenskú a Českú Republiku a sú identifikované oblasti, ktorým je nutné venovať väcšiu pozornosť. Článok obsahuje aj porovnanie s celkovou úrovňou vývoja EÚ 27. 
610 2 0 |a Európska únia 
610 2 0 |a rozvoj trvalo udržateľný 
610 2 0 |a chudoba 
610 2 0 |a vzdelávanie 
610 2 0 |a zamestnanosť 
610 2 0 |a rady časové 
610 2 0 |a pravdepodobnosť 
100 1 |a Gavuliak, Roman